[Event "LTU-ch sf"]
[Site "Vilnius"]
[Date "2023.04.12"]
[Round "3"]
[White "Aleknavicius, Andrius"]
[Black "Spevak, Dovydas"]
[Result "1/2-1/2"]
[WhiteElo "2113"]
[BlackElo "1369"]
[PlyCount "50"]
[EventDate "2023.04.11"]
[EventType "swiss"]
[EventRounds "9"]
[EventCountry "LTU"]
[SourceTitle "CBM 213 Extra"]
[Source "ChessBase"]
[SourceDate "2023.05.31"]
[SourceVersion "1"]
[SourceVersionDate "2023.05.31"]
[SourceQuality "1"]

1. d4 d5 2. Bf4 Nf6 3. e3 c5 4. c3 Nc6 5. Nd2 Bf5 6. Ngf3 e6 7. Nh4 Be4 8. Qb3 Qd7 9. f3 Bg6 10. Be2 cxd4 11. exd4 a6 12. 0-0 Bd6 13. Bxd6 Qxd6 14. g3 0-0 15. Nxg6 hxg6 16. Rae1 b5 17. Bd3 Na5 18. Qc2 Rfc8 19. b4 Nc4 20. Bxc4 dxc4 21. Ne4 Qc6 22. Nxf6+ gxf6 23. Qe4 Ra7 24. a4 Qb6 25. a5 Qc6 1/2-1/2

[Event "LTU-ch sf"]
[Site "Vilnius"]
[Date "2023.04.11"]
[Round "1"]
[White "Aleknavicius, Andrius"]
[Black "Achremovas, Igoris"]
[Result "1-0"]
[WhiteElo "2113"]
[BlackElo "1421"]
[PlyCount "73"]
[EventDate "2023.04.11"]
[EventType "swiss"]
[EventRounds "9"]
[EventCountry "LTU"]
[SourceTitle "CBM 213 Extra"]
[Source "ChessBase"]
[SourceDate "2023.05.31"]
[SourceVersion "1"]
[SourceVersionDate "2023.05.31"]
[SourceQuality "1"]

1. d4 Nf6 2. Bf4 c5 3. d5 d6 4. Nc3 g6 5. e4 Nbd7 6. Nf3 Bg7 7. Bc4 a6 8. a4 0-0 9. 0-0 Nh5 10. Be3 Nhf6 11. h3 b6 12. Qe2 Ne8 13. Bf4 Nc7 14. e5 dxe5 15. Nxe5 Nxe5 16. Bxe5 Bxe5 17. Qxe5 Ne8 18. Rfe1 Nd6 19. Bd3 Re8 20. Ne4 Nxe4 21. Bxe4 Qd6 22. Bf3 Bd7 23. c4 Rab8 24. b3 Rbd8 25. Re3 Qxe5 26. Rxe5 Bc8 27. a5 f6 28. Re3 Rd6 29. axb6 Rxb6 30. Ra5 Kf7 31. Rxc5 Bf5 32. Rc7 Bc2 33. c5 Rxb3 34. d6 Rxe3 35. fxe3 Ke6 36. d7 Rd8 37. c6 1-0

[Event "Panevezys op-A"]
[Site "Panevezys"]
[Date "2022.06.27"]
[Round "5"]
[White "Martynkova, Olena"]
[Black "Aleknavicius, Andrius"]
[Result "1-0"]
[WhiteElo "2213"]
[BlackElo "2072"]
[PlyCount "97"]
[EventDate "2022.06.25"]
[EventType "swiss"]
[EventRounds "9"]
[EventCountry "LTU"]
[SourceTitle "CBM 209 Extra"]
[Source "ChessBase"]
[SourceDate "2022.09.30"]
[SourceVersion "1"]
[SourceVersionDate "2022.09.30"]
[SourceQuality "1"]

1. d4 f5 2. g3 Nf6 3. Bg2 g6 4. h4 Bg7 5. Nh3 d6 6. d5 c6 7. Nc3 cxd5 8. Nxd5 Nxd5 9. Bxd5 e6 10. Bg2 Nc6 11. c3 h6 12. Nf4 Ne5 13. e4 0-0 14. Qb3 Qe7 15. exf5 gxf5 16. Be3 Kh7 17. Bd4 Nc6 18. Bxg7 Qxg7 19. 0-0-0 d5 20. Rhe1 Qf6 21. Re2 a5 22. Rde1 a4 23. Qa3 Nd8 24. Bxd5 exd5 25. Nxd5 Qg7 26. Nb6 Rb8 27. Re8 Rxe8 28. Rxe8 Be6 29. Qd6 Bf7 30. Qxb8 Bxe8 31. Qxd8 Qe5 32. Qd2 Bc6 33. Nc4 Qe6 34. b3 axb3 35. axb3 Bd5 36. Ne3 Bxb3 37. Qd3 Qc6 38. Qxf5+ Kg8 39. Qg4+ Kh8 40. Qd4+ Kh7 41. Nf5 Qg6 42. g4 b5 43. f3 Ba4 44. Qd7+ Kh8 45. Qd6 Qf7 46. Qxh6+ Kg8 47. Qg5+ Kh8 48. Qd8+ Kh7 49. Qe7 1-0

[Event "Panevezys op-A"]
[Site "Panevezys"]
[Date "2022.06.26"]
[Round "2"]
[White "Greicius, Pijus"]
[Black "Aleknavicius, Andrius"]
[Result "1/2-1/2"]
[WhiteElo "2099"]
[BlackElo "2072"]
[PlyCount "100"]
[EventDate "2022.06.25"]
[EventType "swiss"]
[EventRounds "9"]
[EventCountry "LTU"]
[SourceTitle "CBM 209 Extra"]
[Source "ChessBase"]
[SourceDate "2022.09.30"]
[SourceVersion "1"]
[SourceVersionDate "2022.09.30"]
[SourceQuality "1"]

1. d4 d5 2. c4 e6 3. Nc3 dxc4 4. Nf3 c5 5. e3 Nf6 6. Bxc4 a6 7. a4 Nc6 8. 0-0 Be7 9. Qe2 cxd4 10. Rd1 e5 11. exd4 exd4 12. Nxd4 Nxd4 13. Qe5 Qd6 14. Qxd4 Qxd4 15. Rxd4 Bc5 16. Rd1 0-0 17. Bg5 Nd7 18. Ne4 Bb4 19. Rd4 h6 20. Bh4 a5 21. Nd6 Ne5 22. Bb3 Nc6 23. Rd3 Ne5 24. Rdd1 Bg4 25. Rd4 Bc5 26. Rd5 b6 27. Ne4 Nd7 28. Nxc5 Nxc5 29. Bc2 Rfe8 30. f3 Bc8 31. Rd6 Rb8 32. Rad1 Ba6 33. Bg3 g6 34. Rc6 Rb7 35. Bf2 Re6 36. Rd8+ Kg7 37. Rcc8 Rd7 38. Rxd7 Nxd7 39. Rc7 Rd6 40. h4 Kf6 41. Bg3 Rd5 42. Bf4 g5 43. hxg5+ hxg5 44. Be3 Rd6 45. Kf2 Ne5 46. Ra7 Bd3 47. Bb3 Bc4 48. Bc2 Bd3 49. Bb3 Bc4 50. Bc2 Bd3 1/2-1/2

[Event "Panevezys op-A"]
[Site "Panevezys"]
[Date "2022.06.25"]
[Round "1"]
[White "Aleknavicius, Andrius"]
[Black "Morkunas, Gustas"]
[Result "1/2-1/2"]
[WhiteElo "2072"]
[BlackElo "1905"]
[PlyCount "75"]
[EventDate "2022.06.25"]
[EventType "swiss"]
[EventRounds "9"]
[EventCountry "LTU"]
[SourceTitle "CBM 209 Extra"]
[Source "ChessBase"]
[SourceDate "2022.09.30"]
[SourceVersion "1"]
[SourceVersionDate "2022.09.30"]
[SourceQuality "1"]

1. d4 Nf6 2. Bf4 g6 3. Nc3 d5 4. e3 Bg7 5. h4 h5 6. Nf3 0-0 7. Ne5 b6 8. f3 c5 9. g4 Bb7 10. Qd2 c4 11. Qg2 b5 12. Ne2 Nbd7 13. Ng3 Qa5+ 14. Kd1 Nxe5 15. Bxe5 Rad8 16. Bxf6 Bxf6 17. gxh5 Kh7 18. hxg6+ fxg6 19. f4 e5 20. fxe5 Bxe5 21. Ne2 Bf6 22. Nf4 Rg8 23. c3 b4 24. h5 g5 25. Qc2+ Kh6 26. Ne2 bxc3 27. Qxc3 Qxc3 28. Nxc3 Rde8 29. Kd2 g4 30. Bg2 Bg5 31. Rae1 Rgf8 32. Nd1 Rf6 33. Rhf1 Kxh5 34. Rxf6 Bxf6 35. Nc3 Rd8 36. Rh1+ Kg6 37. Rg1 Bg5 38. Nd1 1/2-1/2

[Event "LTU-ch sf"]
[Site "Vilnius"]
[Date "2022.04.13"]
[Round "9"]
[White "Pidluznij, Gleb"]
[Black "Aleknavicius, Andrius"]
[Result "1/2-1/2"]
[WhiteElo "2037"]
[BlackElo "2061"]
[PlyCount "112"]
[EventDate "2022.04.08"]
[EventType "swiss"]
[EventRounds "9"]
[EventCountry "LTU"]
[SourceTitle "CBM 207 Extra"]
[Source "ChessBase"]
[SourceDate "2022.05.31"]
[SourceVersion "1"]
[SourceVersionDate "2022.05.31"]
[SourceQuality "1"]

1. e4 c5 2. c3 Nf6 3. e5 Nd5 4. Nf3 Nc6 5. Bc4 Nb6 6. Bb3 d5 7. exd6 Qxd6 8. 0-0 Be6 9. Re1 Bxb3 10. Qxb3 e6 11. Na3 Qd7 12. Nc4 Nxc4 13. Qxc4 Be7 14. d3 Rd8 15. Rd1 0-0 16. Bf4 Qd5 17. Qxd5 Rxd5 18. Rd2 Rfd8 19. Rad1 Bf6 20. Kf1 b6 21. h3 g5 22. Be3 h6 23. d4 c4 24. b3 Na5 25. b4 Nc6 26. a4 a6 27. Ke2 Bg7 28. Ne5 Nxe5 29. dxe5 Rxd2+ 30. Rxd2 Rxd2+ 31. Kxd2 b5 32. axb5 axb5 33. Bd4 Kf8 34. Ke3 Ke7 35. g4 Kd7 36. Ke4 Kc6 37. f3 Bf8 38. Bf2 Be7 39. Bg3 Bd8 40. Bf2 Be7 41. Be3 Bf8 42. f4 Be7 43. f5 Bf8 44. Bf2 Be7 45. f6 Bf8 46. Be3 Kb7 47. Bf2 Kc6 48. h4 gxh4 49. Bxh4 Kb7 50. Bf2 Kc7 51. Be3 Kc6 52. Bf2 Kc7 53. Ba7 Kb7 54. Bf2 Kc7 55. Kf4 Kc6 56. Ke4 Kc7 1/2-1/2

[Event "LTU-ch sf"]
[Site "Vilnius"]
[Date "2022.04.12"]
[Round "8"]
[White "Aleknavicius, Andrius"]
[Black "Viskelis, Darius"]
[Result "1/2-1/2"]
[WhiteElo "2061"]
[BlackElo "2186"]
[PlyCount "25"]
[EventDate "2022.04.08"]
[EventType "swiss"]
[EventRounds "9"]
[EventCountry "LTU"]
[SourceTitle "CBM 207 Extra"]
[Source "ChessBase"]
[SourceDate "2022.05.31"]
[SourceVersion "1"]
[SourceVersionDate "2022.05.31"]
[SourceQuality "1"]

1. d4 d5 2. Bf4 Bf5 3. c4 e6 4. Nc3 Nf6 5. e3 Bd6 6. Bg3 0-0 7. Nf3 h6 8. a3 a5 9. Qb3 Bxg3 10. hxg3 Ra7 11. Be2 c6 12. 0-0 Nbd7 13. Rfc1 1/2-1/2

[Event "LTU-ch sf"]
[Site "Vilnius"]
[Date "2022.04.11"]
[Round "7"]
[White "Eigminas, Kipras"]
[Black "Aleknavicius, Andrius"]
[Result "1/2-1/2"]
[WhiteElo "2107"]
[BlackElo "2061"]
[PlyCount "116"]
[EventDate "2022.04.08"]
[EventType "swiss"]
[EventRounds "9"]
[EventCountry "LTU"]
[SourceTitle "CBM 207 Extra"]
[Source "ChessBase"]
[SourceDate "2022.05.31"]
[SourceVersion "1"]
[SourceVersionDate "2022.05.31"]
[SourceQuality "1"]

1. e4 d6 2. d4 Nf6 3. Nc3 e5 4. Nf3 Nbd7 5. Bc4 Be7 6. a4 c6 7. 0-0 0-0 8. h3 h6 9. Re1 Re8 10. Ba2 Qc7 11. Be3 Nf8 12. d5 Ng6 13. a5 c5 14. Bc4 Bd7 15. a6 Reb8 16. axb7 Rxb7 17. b3 Nh7 18. Ne2 Ng5 19. Ng3 Nxf3+ 20. Qxf3 a5 21. Nf5 Bf8 22. h4 Ne7 23. Nxe7+ Bxe7 24. Qg3 Kh8 25. Rf1 Qd8 26. h5 Bh4 27. Qf3 Qf6 28. Qxf6 Bxf6 29. Bd2 Bg4 30. Ra4 Bd8 31. Rfa1 Bxh5 32. Bxa5 Bxa5 33. Rxa5 Rxa5 34. Rxa5 g5 35. Ra6 Rd7 36. Ra8+ Kg7 37. Bb5 Rb7 38. Bc6 Rb4 39. f3 g4 40. Kf2 gxf3 41. gxf3 f5 42. Ra7+ Kf8 43. Rh7 fxe4 44. Rxh6 Bxf3 45. Rxd6 Rd4 46. Ke3 c4 47. bxc4 Rxc4 48. Re6 Rxc2 49. Rxe5 Rc3+ 50. Kf4 Bg2 51. Rg5 Bh1 52. Rg1 Bf3 53. Rg3 e3 54. Rxf3 e2 55. Rxc3 e1Q 56. Re3 Qh4+ 57. Kf3 Kf7 58. Re4 Qh1+ 1/2-1/2

[Event "LTU-ch sf"]
[Site "Vilnius"]
[Date "2022.04.09"]
[Round "3"]
[White "Scekaciov, Rostislav"]
[Black "Aleknavicius, Andrius"]
[Result "0-1"]
[WhiteElo "1760"]
[BlackElo "2061"]
[PlyCount "84"]
[EventDate "2022.04.08"]
[EventType "swiss"]
[EventRounds "9"]
[EventCountry "LTU"]
[SourceTitle "CBM 207 Extra"]
[Source "ChessBase"]
[SourceDate "2022.05.31"]
[SourceVersion "1"]
[SourceVersionDate "2022.05.31"]
[SourceQuality "1"]

1. e4 d6 2. d4 Nf6 3. Nc3 e5 4. dxe5 dxe5 5. Qxd8+ Kxd8 6. Bc4 Be6 7. Bxe6 fxe6 8. Nf3 Bd6 9. Bg5 Ke7 10. 0-0-0 Nc6 11. a3 a6 12. Rhe1 h6 13. Bh4 g5 14. Bg3 Nh5 15. Nd2 Nf4 16. Bxf4 gxf4 17. Nc4 b5 18. Nxd6 cxd6 19. g3 Raf8 20. Rd3 fxg3 21. fxg3 Rf2 22. Rd2 Rhf8 23. Nd1 Rxd2 24. Kxd2 Nd4 25. Rh1 d5 26. c3 Nb3+ 27. Ke2 d4 28. Nf2 Rc8 29. Kd3 dxc3 30. bxc3 Rc4 31. Re1 Nc5+ 32. Kc2 Kf6 33. Ng4+ Kg5 34. Nxe5 Rxe4 35. Rxe4 Nxe4 36. Nf7+ Kg6 37. Nd8 Kf6 38. Kd3 Nc5+ 39. Kd4 Nb3+ 40. Kd3 Na5 41. Kd4 Ke7 42. Ke5 Nc4+ 0-1

[Event "LTU-ch sf"]
[Site "Vilnius"]
[Date "2022.04.08"]
[Round "1"]
[White "Vazgauskas, Povilas"]
[Black "Aleknavicius, Andrius"]
[Result "1/2-1/2"]
[WhiteElo "1481"]
[BlackElo "2061"]
[PlyCount "87"]
[EventDate "2022.04.08"]
[EventType "swiss"]
[EventRounds "9"]
[EventCountry "LTU"]
[SourceTitle "CBM 207 Extra"]
[Source "ChessBase"]
[SourceDate "2022.05.31"]
[SourceVersion "1"]
[SourceVersionDate "2022.05.31"]
[SourceQuality "1"]

1. e4 d6 2. d4 Nf6 3. Nc3 e5 4. dxe5 dxe5 5. Qxd8+ Kxd8 6. Bc4 Be6 7. Bxe6 fxe6 8. Nf3 Bd6 9. Bg5 Ke7 10. Nb5 Nc6 11. c3 h6 12. Nxd6 cxd6 13. Bxf6+ gxf6 14. Nh4 Rhg8 15. Rd1 Rg4 16. g3 Rxe4+ 17. Kd2 Rg4 18. f3 Rgg8 19. Ng2 d5 20. Rhe1 Rad8 21. f4 e4 22. Ke3 Na5 23. b3 Rc8 24. Rc1 Rc7 25. Kd4 Kd6 26. c4 Rgc8 27. Rcd1 dxc4 28. Kc3+ Ke7 29. b4 Nc6 30. Rxe4 b5 31. Ne3 Kf7 32. Rd6 Re7 33. Ng4 h5 34. Nf2 Nb8 35. Re2 Rcc7 36. Ne4 Nd7 37. h3 Nb6 38. a3 Red7 39. f5 exf5 40. Rxf6+ Kg7 41. Rxf5 Rd3+ 42. Kc2 Nd5 43. Rxh5 Ne3+ 44. Kb1 1/2-1/2

[Event "LTU-chT"]
[Site "Lithuania"]
[Date "2022.03.12"]
[Round "3.3"]
[White "Aleknavicius, Andrius"]
[Black "Zvirblis, Andrius"]
[Result "1-0"]
[WhiteElo "1961"]
[BlackElo "1902"]
[PlyCount "73"]
[EventDate "2022.03.11"]
[EventType "team-swiss"]
[EventRounds "7"]
[EventCountry "LTU"]
[SourceTitle "CBM 207 Extra"]
[Source "ChessBase"]
[SourceDate "2022.05.31"]
[SourceVersion "1"]
[SourceVersionDate "2022.05.31"]
[SourceQuality "1"]
[WhiteTeam "Kaunas Gambiteriai"]
[BlackTeam "Panevezio Gigant"]
[WhiteTeamCountry "LTU"]
[BlackTeamCountry "LTU"]

1. d4 Nf6 2. Bf4 e6 3. e3 c5 4. Nf3 Be7 5. h3 Nc6 6. Nbd2 b6 7. Nc4 0-0 8. Nd6 Ne8 9. Nxc8 Qxc8 10. c3 d5 11. Bd3 Nf6 12. 0-0 Rd8 13. Qe2 a6 14. a4 Qb7 15. Ne5 Nxe5 16. Bxe5 Nd7 17. Bg3 Nf6 18. Bh4 c4 19. Bb1 Ne8 20. Bxe7 Qxe7 21. e4 dxe4 22. Qxc4 Nd6 23. Qe2 f5 24. f3 exf3 25. Rxf3 Re8 26. Ba2 Kh8 27. Re1 Qd7 28. Bxe6 Qxa4 29. Re3 h6 30. Qh5 Rf8 31. Bd5 Rae8 32. Re6 Qd7 33. R1e5 Rd8 34. Re7 Qa4 35. Qg6 Ne8 36. Rxg7 Qd1+ 37. Kh2 1-0

[Event "Taujenai Manor Cup"]
[Site "Taujenai"]
[Date "2021.11.28"]
[Round "7"]
[White "Aleknavicius, Andrius"]
[Black "Griksaite, Egle"]
[Result "1-0"]
[WhiteElo "1942"]
[BlackElo "1508"]
[PlyCount "67"]
[EventDate "2021.11.27"]
[EventType "swiss (rapid)"]
[EventRounds "9"]
[EventCountry "LTU"]
[SourceTitle "EXT 2023"]
[Source "ChessBase"]
[SourceDate "2022.10.05"]
[SourceVersion "1"]
[SourceVersionDate "2022.10.05"]
[SourceQuality "1"]

1. d4 Nf6 2. Bf4 g6 3. Nc3 d6 4. e4 Bg7 5. Qd2 Nbd7 6. 0-0-0 Nh5 7. Bg5 h6 8. Bh4 g5 9. Bg3 Nxg3 10. hxg3 e5 11. dxe5 Nxe5 12. f4 Nc6 13. Bc4 Qe7 14. Nd5 Qd8 15. Nf3 gxf4 16. gxf4 Be6 17. Rhe1 0-0 18. Rh1 Bxd5 19. Bxd5 Qf6 20. c3 Ne7 21. Bb3 Ng6 22. g3 Rfe8 23. Rde1 Rad8 24. Nd4 Rd7 25. Nf5 Ne7 26. Nxg7 Qxg7 27. Qh2 Kh7 28. Bxf7 Ng6 29. Bxe8 Re7 30. Bxg6+ Qxg6 31. Qh5 Qg7 32. Qf5+ Kg8 33. Rh4 Qxg3 34. Rg4+ 1-0

[Event "Taujenai Manor Cup"]
[Site "Taujenai"]
[Date "2021.11.27"]
[Round "1"]
[White "Aleknavicius, Andrius"]
[Black "Jasas, Ignas"]
[Result "1-0"]
[WhiteElo "1942"]
[BlackElo "1216"]
[PlyCount "55"]
[EventDate "2021.11.27"]
[EventType "swiss (rapid)"]
[EventRounds "9"]
[EventCountry "LTU"]
[SourceTitle "EXT 2023"]
[Source "ChessBase"]
[SourceDate "2022.10.05"]
[SourceVersion "1"]
[SourceVersionDate "2022.10.05"]
[SourceQuality "1"]

1. d4 Nf6 2. Bf4 d5 3. e3 e6 4. Nf3 Bd6 5. Nbd2 0-0 6. Bd3 c5 7. c3 Nc6 8. Bg3 Qc7 9. dxc5 Bxg3 10. hxg3 e5 11. e4 dxe4 12. Nxe4 Nxe4 13. Bxe4 f5 14. Bd5+ Kh8 15. Ng5 g6 16. Rxh7+ Qxh7 17. Nxh7 Kxh7 18. Qd2 Bd7 19. 0-0-0 Kg7 20. Qg5 Rae8 21. b4 a6 22. a4 Na7 23. Bxb7 Bxa4 24. Rd6 Rf7 25. Rxg6+ Kh8 26. Rh6+ Rh7 27. Qf6+ Kg8 28. Rg6+ 1-0

[Event "Taujenai Manor Cup"]
[Site "Taujenai"]
[Date "2021.11.27"]
[Round "3"]
[White "Aleknavicius, Andrius"]
[Black "Zaura, Vidmantas"]
[Result "0-1"]
[WhiteElo "1942"]
[BlackElo "1971"]
[PlyCount "162"]
[EventDate "2021.11.27"]
[EventType "swiss (rapid)"]
[EventRounds "9"]
[EventCountry "LTU"]
[SourceTitle "EXT 2023"]
[Source "ChessBase"]
[SourceDate "2022.10.05"]
[SourceVersion "1"]
[SourceVersionDate "2022.10.05"]
[SourceQuality "1"]

1. d4 Nf6 2. Bf4 d5 3. e3 c6 4. Nf3 Bg4 5. Be2 e6 6. c4 Bd6 7. Ne5 Bxe2 8. Qxe2 0-0 9. 0-0 Qc7 10. c5 Bxe5 11. Bxe5 Qa5 12. Bxf6 gxf6 13. a3 Qa6 14. Qg4+ Kh8 15. Nc3 Rg8 16. Qf3 Nd7 17. Ne2 Qd3 18. Rfd1 Qg6 19. Nf4 Qf5 20. Qh3 Qxh3 21. Nxh3 e5 22. b4 Rae8 23. Kf1 Rg4 24. f3 Rh4 25. Kf2 Kg7 26. Ra2 Nf8 27. Rad2 Ng6 28. Rd3 Re7 29. R1d2 f5 30. Kg3 exd4 31. exd4 Re1 32. f4 Rh1 33. Re2 Rg4+ 34. Kf3 Rxh2 35. Rf2 Nh4+ 36. Ke2 Rgxg2 37. Rxg2+ Rxg2+ 38. Kf1 Rg4 39. Kf2 Kf6 40. Re3 Rg2+ 41. Kf1 Ra2 42. Ng5 h6 43. Nh3 Rd2 44. Re8 b6 45. Rc8 bxc5 46. Rxc6+ Kg7 47. dxc5 Rd3 48. Nf2 Rxa3 49. Rd6 Ng6 50. Rxd5 Nxf4 51. Rd1 Rb3 52. c6 Rxb4 53. Rc1 Rb8 54. Rd1 a5 55. Ke1 Rc8 56. Rc1 a4 57. Kd2 a3 58. Nd1 a2 59. Ra1 Ra8 60. Nc3 Rc8 61. Rxa2 Rxc6 62. Ra5 Kg6 63. Nd1 Rd6+ 64. Ke1 Rd5 65. Ra6+ f6 66. Ne3 Re5 67. Kf2 h5 68. Kf3 Nd5 69. Ng2 f4 70. Ra8 Re7 71. Rg8+ Rg7 72. Rxg7+ Kxg7 73. Ke4 f3 74. Kxf3 Kg6 75. Ke4 Nc3+ 76. Kf4 Ne2+ 77. Kf3 Nd4+ 78. Ke4 Ne6 79. Kd5 Kf5 80. Nh4+ Kg4 81. Ng6 Nf4+ 0-1

[Event "LTU-ch sf"]
[Site "Kaunas"]
[Date "2021.09.29"]
[Round "8"]
[White "Grybas, Gintaras"]
[Black "Aleknavicius, Andrius"]
[Result "0-1"]
[WhiteElo "2007"]
[BlackElo "1989"]
[PlyCount "98"]
[EventDate "2021.09.24"]
[EventType "swiss"]
[EventRounds "8"]
[EventCountry "LTU"]
[SourceTitle "EXT 2023"]
[Source "ChessBase"]
[SourceDate "2022.10.05"]
[SourceVersion "1"]
[SourceVersionDate "2022.10.05"]
[SourceQuality "1"]

1. Nf3 f5 2. d3 Nc6 3. Nc3 e5 4. e4 Nf6 5. exf5 d5 6. Nh4 Be7 7. g3 0-0 8. Bh3 d4 9. Nb1 Nd5 10. Qh5 Bxh4 11. gxh4 Nf4 12. Bxf4 exf4 13. Nd2 Qe8+ 14. Qxe8 Rxe8+ 15. Kd1 Rf8 16. Nf3 Bxf5 17. Bxf5 Rxf5 18. Re1 h6 19. Re4 Rd8 20. Kd2 Kf7 21. Rg1 Kf6 22. Rg4 Rdd5 23. Rgxf4 Rxf4 24. Rxf4+ Rf5 25. Rxf5+ Kxf5 26. h3 Kf4 27. Ke2 g6 28. a3 a6 29. b4 Kf5 30. Nd2 Kf4 31. Ne4 b6 32. Nf6 Ne7 33. h5 Kg5 34. Ne8 Nd5 35. hxg6 Kxg6 36. Kf3 Kf7 37. Ke4 Nc3+ 38. Kxd4 Nb5+ 39. Kd5 Kxe8 40. Kc6 Nxa3 41. Kxc7 Nxc2 42. Kxb6 Nxb4 43. d4 Kd7 44. Ka5 Nc6+ 45. Kxa6 Nxd4 46. Ka5 Ke6 47. Kb4 Kf5 48. Kc4 Ne2 49. h4 Nf4 0-1

[Event "LTU-ch sf"]
[Site "Kaunas"]
[Date "2021.09.28"]
[Round "7"]
[White "Greicius, Pijus"]
[Black "Aleknavicius, Andrius"]
[Result "1/2-1/2"]
[WhiteElo "2080"]
[BlackElo "1989"]
[PlyCount "32"]
[EventDate "2021.09.24"]
[EventType "swiss"]
[EventRounds "8"]
[EventCountry "LTU"]
[SourceTitle "EXT 2023"]
[Source "ChessBase"]
[SourceDate "2022.10.05"]
[SourceVersion "1"]
[SourceVersionDate "2022.10.05"]
[SourceQuality "1"]

1. d4 f5 2. Nf3 Nf6 3. Bf4 e6 4. e3 b6 5. Be2 Bb7 6. h3 Be7 7. c4 0-0 8. 0-0 Ne4 9. Qc2 d6 10. Nc3 Nd7 11. Bh2 Bf6 12. b4 g6 13. Rac1 Qe7 14. Qb3 Nxc3 15. Rxc3 c5 16. Rd3 e5 1/2-1/2

[Event "LTU-ch sf"]
[Site "Kaunas"]
[Date "2021.09.25"]
[Round "3"]
[White "Barsciauskas, Gintautas"]
[Black "Aleknavicius, Andrius"]
[Result "0-1"]
[WhiteElo "1544"]
[BlackElo "1989"]
[PlyCount "66"]
[EventDate "2021.09.24"]
[EventType "swiss"]
[EventRounds "8"]
[EventCountry "LTU"]
[SourceTitle "EXT 2023"]
[Source "ChessBase"]
[SourceDate "2022.10.05"]
[SourceVersion "1"]
[SourceVersionDate "2022.10.05"]
[SourceQuality "1"]

1. c4 f5 2. Nf3 Nf6 3. g3 g6 4. Bg2 Bg7 5. Nc3 0-0 6. d4 d6 7. 0-0 Qe8 8. Bg5 e5 9. dxe5 dxe5 10. Nd5 Nxd5 11. Qxd5+ Kh8 12. Qd2 Nc6 13. Bh6 Be6 14. Bxg7+ Kxg7 15. Qc3 Bg8 16. Rfd1 h6 17. e3 Kh7 18. b4 e4 19. Nd4 Ne5 20. Bf1 Rd8 21. a4 Qe7 22. Be2 g5 23. h3 Qf6 24. Qc2 Bf7 25. Kg2 Bg6 26. Rg1 f4 27. Bd1 Nf3 28. Ra2 fxe3 29. fxe3 Nxg1 30. Kxg1 Rxd4 31. exd4 Qf1+ 32. Kh2 e3 33. Qe2 Rf2+ 0-1

[Event "LTU-ch U18 Rapid"]
[Site "Vilnius"]
[Date "2021.09.18"]
[Round "4"]
[White "Aleknavicius, Andrius"]
[Black "Maciuitis, Ignas"]
[Result "0-1"]
[WhiteElo "1896"]
[BlackElo "1801"]
[PlyCount "134"]
[EventDate "2021.09.18"]
[EventType "swiss (rapid)"]
[EventRounds "7"]
[EventCountry "LTU"]
[SourceTitle "EXT 2023"]
[Source "ChessBase"]
[SourceDate "2022.10.05"]
[SourceVersion "1"]
[SourceVersionDate "2022.10.05"]
[SourceQuality "1"]

1. d4 e6 2. Nf3 d5 3. Bf4 Nf6 4. e3 Bd6 5. Nbd2 Bxf4 6. exf4 0-0 7. c3 Nbd7 8. Be2 c5 9. dxc5 Nxc5 10. Nb3 Nce4 11. 0-0 Bd7 12. Nbd4 a6 13. a4 Qb6 14. Qb3 Qxb3 15. Nxb3 Nh5 16. g3 Nhf6 17. Ne5 Be8 18. Nd4 Nd7 19. a5 Rc8 20. Rfc1 f6 21. Nxd7 Bxd7 22. Bd3 Nc5 23. Bc2 e5 24. Ne2 Bg4 25. Re1 e4 26. Nd4 Rfe8 27. Kg2 Ne6 28. Ra4 Rc5 29. Bb3 Nc7 30. h3 Bh5 31. Rb4 Rb8 32. Rxe4 Bf7 33. Re3 Kf8 34. f5 g6 35. Rb6 Ne8 36. fxg6 hxg6 37. Ba4 Rxa5 38. Bxe8 Bxe8 39. Rxf6+ Kg7 40. Rfe6 Kf7 41. Re7+ Kf8 42. Nf3 Rb5 43. Ng5 Bc6 44. Nh7+ Kg8 45. Nf6+ Kf8 46. R3e6 d4+ 47. Kh2 Rxb2 48. Nh7+ Kg8 49. Rxg6+ Kh8 50. Nf6 Rxf2+ 51. Kg1 Rxf6 52. Rxf6 dxc3 53. Re1 c2 54. Rc1 Be4 55. Rf4 Bg6 56. Kf2 a5 57. h4 b5 58. h5 Bh7 59. Ke3 b4 60. g4 b3 61. g5 b2 62. Rff1 b1Q 63. g6 Qb3+ 64. Kf4 Bxg6 65. hxg6 Rf8+ 66. Kg5 Qg3+ 67. Kh5 Qh3+ 0-1

[Event "LTU-ch U18"]
[Site "Vilnius"]
[Date "2021.06.05"]
[Round "6"]
[White "Aleknavicius, Andrius"]
[Black "Bagdanskis, Dangis"]
[Result "1/2-1/2"]
[WhiteElo "1990"]
[BlackElo "1945"]
[PlyCount "46"]
[EventDate "2021.06.02"]
[EventType "swiss"]
[EventRounds "7"]
[EventCountry "LTU"]
[SourceTitle "EXT 2023"]
[Source "ChessBase"]
[SourceDate "2022.10.05"]
[SourceVersion "1"]
[SourceVersionDate "2022.10.05"]
[SourceQuality "1"]

1. d4 Nf6 2. Bf4 d6 3. Nc3 g6 4. e4 Bg7 5. Qd2 h6 6. 0-0-0 g5 7. Be3 Ng4 8. Nf3 Nd7 9. e5 dxe5 10. dxe5 Ngxe5 11. Bd4 Nxf3 12. gxf3 Bxd4 13. Qxd4 Rg8 14. Bh3 a5 15. Rhe1 Ra6 16. Ne4 e6 17. Bf5 Kf8 18. Bh3 Qe7 19. Qc3 Rc6 20. Qxa5 Kg7 21. Ng3 Qc5 22. Qd2 Nf6 23. c3 Rd6 1/2-1/2

[Event "Panevezys Kveinys Memorial op"]
[Site "Panevezys"]
[Date "2020.06.30"]
[Round "6"]
[White "Aleknavicius, Andrius"]
[Black "Chukavin, Kirill"]
[Result "0-1"]
[WhiteElo "1895"]
[BlackElo "2348"]
[PlyCount "106"]
[EventDate "2020.06.26"]
[EventType "swiss"]
[EventRounds "9"]
[EventCountry "LTU"]
[SourceTitle "CBM 197 Extra"]
[Source "ChessBase"]
[SourceDate "2020.09.30"]
[SourceVersion "1"]
[SourceVersionDate "2020.09.30"]
[SourceQuality "1"]

1. d4 Nf6 2. Bf4 d5 3. e3 c5 4. c3 Nc6 5. Nd2 e6 6. Ngf3 cxd4 7. exd4 Nh5 8. Be3 Bd6 9. Ne5 g6 10. g4 Ng7 11. h4 h5 12. Bg5 Be7 13. Bxe7 Qxe7 14. Qf3 Nxe5 15. dxe5 hxg4 16. Qxg4 Rh5 17. Nf3 Bd7 18. Bd3 0-0-0 19. 0-0-0 Bc6 20. Bc2 Nf5 21. Bxf5 Rxf5 22. Rd4 f6 23. Re1 Qg7 24. Qg3 Qh6+ 25. Kb1 Qh5 26. Re3 Rf8 27. exf6 R8xf6 28. Ne5 Rxf2 29. Nxc6 Qf5+ 30. Rdd3 bxc6 31. Qd6 e5 32. Qxe5 Qxe5 33. Rxe5 Rh2 34. Rde3 Rff2 35. Re6 Rxb2+ 36. Ka1 Rxa2+ 37. Kb1 Rab2+ 38. Ka1 Ra2+ 39. Kb1 Rhb2+ 40. Kc1 Rg2 41. Kb1 Kc7 42. Rxg6 Rxg6 43. Kxa2 Rg2+ 44. Kb3 Rh2 45. Re7+ Kb6 46. Rh7 Rh3 47. Kb2 a5 48. h5 Kb5 49. h6 Kc4 50. Ra7 Rh2+ 51. Kb1 Rxh6 52. Rxa5 Kxc3 53. Rc5+ Kb4 0-1